000
00282 a2200145 4500
001
164196
020
_a
040
_c
Magnum
100
_a
-
240
1
0
_a
Os pensadores: pascal
_l
por
245
1
0
_a
Os pensadores: pascal
362
0
_a
1899
697
_a
FILOSOFIA
942
_c
BK
999
_c
164196
_d
164196